Mathématiques: terminale S, obligatoire
Sparad:
| Huvudupphovsmän: | , , , , , , , , |
|---|---|
| Materialtyp: | Bok |
| Språk: | franska |
| Publicerad: |
París
Bréal
2002
|
| Ämnen: | |
| Taggar: |
Lägg till en tagg
Inga taggar, Lägg till första taggen!
|
MARC
| LEADER | 00000nam a2200000 a 4500 | ||
|---|---|---|---|
| 001 | UCL1854 | ||
| 003 | CL-VaPUC | ||
| 008 | 030926e20020000FR |||||||||||||||||fre|d | ||
| 020 | |a 2842918827 | ||
| 082 | 0 | 4 | |a 510.712 |b THI |2 21 |
| 100 | 0 | |a Thiénard, Jean-Claude |e author |9 478730 | |
| 700 | 0 | |a Cheymol, Maryse |e author |9 478731 | |
| 700 | 0 | |a Combrade, Maryse |e author |9 478732 | |
| 700 | 0 | |a Delors, Francoise |e author |9 478733 | |
| 700 | 0 | |a Bonneval, Louis-Marie |e author |9 478734 | |
| 700 | |a Gaud, Dominique |e author |9 478735 | ||
| 700 | 0 | |a Jussiaume, Loïc |e author |9 478736 | |
| 700 | 0 | |a Parnaudeau, Jean-Marie |e author |9 478737 | |
| 700 | 0 | |a Terrochaire |e author |9 478738 | |
| 245 | 1 | 0 | |a Mathématiques: terminale S, obligatoire |
| 300 | |a 431 p | ||
| 942 | |c BK | ||
| 945 | |d 20030926 00:00:00 |a cmena | ||
| 260 | |a París |b Bréal |c 2002 | ||
| 650 | 0 | |a Matemáticas |x Enseñanza |9 875527 | |
| 650 | 0 | |a Métodos de enseñanza |9 270413 | |
| 583 | |a last modification |c 20030926 00:00:00 |k Rodrigo Vera | ||
| 999 | |c 305293 |d 305291 | ||